000 00628nam a2200217 i 4500
001 C2-0091563
003 PPAK
005 20180727092446.0
008 970511s1984 my |||| ||||| | may d
040 _aPPAK
_beng
_cPPAK
_erda
082 0 4 _a899.23
_223
090 0 0 _a899.23
_bMES
_dKSS
245 0 0 _aMesyuarat Agung Gapena (1984 : Kuala Lumpur) :
_bpenyata Mesyuarat Agung kali ke XIII
264 1 _aKuala Lumpur :
_bGAPENA ,
_c1984
300 _aiii, 128 pages ;
_c28 cm
336 _2rdacontent
_atext
337 _2rdamedia
_aunmediated
338 _2rdacarrier
_avolume
650 1 0 _aCorporate meetings
942 _ddc
_cB
999 _c19434
_d19434